000 00358nam a22001217a 4500
020 _a0028285816
082 _222
_a500
100 _aBiggs, Alton Burns, John Eric ; Et al,
245 _aScience voyages ; exploring the life earth, and Physical sciences /
260 _bGlencoe McGraw- Hill,
_c c 2000
300 _axxiv,744 p, ;
_bNA
_c24 cm.
942 _2ddc
_cPHY
999 _c3937
_d3937